|
|
|
|
| LEADER |
00000nam a2200000 a 4500 |
| 001 |
vtls001444719 |
| 003 |
SK-MaSNL |
| 005 |
20260301121227.0 |
| 008 |
240315s1968 xo a gr 0000yyslo |
| 035 |
|
|
|a SNK000399950
|
| 040 |
|
|
|a SNK
|b slo
|c SNK
|e AACR2
|
| 041 |
0 |
|
|a slo
|
| 044 |
|
|
|a xo
|c SK
|
| 072 |
|
7 |
|a 027
|x Univerzálne knižnice. Verejné knižnice
|2 konspekt
|
| 080 |
|
|
|a 027.5(437.6)
|2 1981
|
| 080 |
|
|
|a (043)
|2 1981
|
| 100 |
1 |
|
|a Bysterská, Elena
|4 aut
|9 465028
|
| 245 |
1 |
|
|a Okresná knižnica v Dolnom Kubíne
|b diplomová práca
|c Elena Bysterská
|
| 260 |
|
|
|a Bratislava
|b Filozofická fakulta Univerzity Komenského
|c 1967/68
|
| 300 |
|
|
|a 106 s., [14] s. príl.
|b fotogr., sch., tb.
|c 30 cm
|e 1 mp. príl.
|
| 610 |
2 |
7 |
|a Okresná knižnica (Dolný Kubín, Slovensko)
|2 SNKKA
|9 227031
|
| 655 |
|
7 |
|a diplomové práce
|2 SNK
|9 70156
|
| 958 |
|
|
|a OND
|
| 968 |
|
|
|d 0
|
| 999 |
|
|
|c 728646
|d 730576
|
| 952 |
|
|
|t P60, <03>, [BOOK], {603}
|a SNK
|b SNK
|y PREZ
|7 0
|p 17A0365010
|o snkDIP 420
|i snkF 1588/2002
|0 0
|1 0
|4 0
|d 2002-11-20
|l 0
|r 2005-01-02 00:00:00
|w 2026-02-23
|